Quick Pick: Elvis Presley Songs Quiz Stats

Quiz Updated Apr 22, 2016

Challenge
Share
Tweet
Embed
Score 0/15 Timer 01:00
4 Plays Today
% Correct
Mind
95%
Love
95%
Dog
94.9%
Blue
94.5%
Rock
94.3%
Hotel
93.6%
Lonesome
93.3%
Devil
93.3%
% Correct
Return
92.7%
Cruel
91.6%
Suspicious
88.7%
Daddy
88.4%
Burning
86.3%
Ghetto
82.7%
Rain
81.3%

Today's Daily Dose

You're not logged in!

Compare scores with friends on all Sporcle quizzes.
Join for Free
OR
Log In

You Might Also Like...

Show Comments

Extras

Top Quizzes Today


Score Distribution

Your Account Isn't Verified!

In order to create a playlist on Sporcle, you need to verify the email address you used during registration. Go to your Sporcle Settings to finish the process.

Report this User

Report this user for behavior that violates our Community Guidelines.

Details: